載入...
Gora
| 主要作者: | |
|---|---|
| 格式: | Printed Book |
| 語言: | Malayalam |
| 出版: |
Kozhikode Poorna
Kozhikode Poorna
1991
|
| LEADER | 00454nam a2200121Ia 4500 | ||
|---|---|---|---|
| 008 | 111204s9999 xx 000 0 mal d | ||
| 100 | |a Tagore,Raveendranath | ||
| 245 | |a Gora |c Tagore,Raveendranath | ||
| 260 | |b Kozhikode Poorna |a Kozhikode Poorna |c 1991 | ||
| 300 | |a 562 | ||
| 942 | |c BK | ||
| 999 | |c 213830 |d 213830 | ||
| 952 | |0 0 |1 0 |2 ddc |4 0 |6 891_000000000000000_443T3_GOR |7 0 |9 236458 |a MAL |b MAL |c ST1 |d 2011-12-05 |g 90.00 |l 0 |o 891.443T3 GOR |p MAL23643 |r 2011-12-05 |v 90.00 |w 2011-12-05 |y BK | ||